[Event "Bamberg op 2nd"]
[Site "Bamberg"]
[Date "2019.05.29"]
[Round "1"]
[White "Chennaoui, Yasin"]
[Black "Grimm, Pascal"]
[Result "1-0"]
[WhiteElo "2184"]
[BlackElo "1880"]
[PlyCount "51"]
[EventDate "2019.05.29"]
[EventType "swiss"]
[EventRounds "7"]
[EventCountry "GER"]
[SourceTitle "CBM 190 Extra"]
[Source "ChessBase"]
[SourceDate "2019.07.15"]
[SourceVersion "1"]
[SourceVersionDate "2019.07.15"]
[SourceQuality "1"]

1. c4 g6 2. g3 Bg7 3. Bg2 d6 4. Nc3 e5 5. d3 f5 6. e3 Nf6 7. Nge2 0-0 8. 0-0 Nc6 9. a3 Be6 10. Nd5 Qd7 11. Nec3 Nd8 12. d4 Bxd5 13. Nxd5 Nxd5 14. cxd5 g5 15. dxe5 dxe5 16. Qh5 Bf6 17. e4 f4 18. h4 Qf7 19. Qe2 Be7 20. Bh3 f3 21. Qe3 gxh4 22. Bf5 Kh8 23. Qxf3 hxg3 24. fxg3 Qg7 25. Kg2 Bg5 26. Rh1 1-0

[Event "Mittelfranken-chTB1 1617"]
[Site "Mittelfranken"]
[Date "2017.05.14"]
[Round "9.1"]
[White "Weber, Daniel"]
[Black "Grimm, Pascal"]
[Result "1/2-1/2"]
[WhiteElo "2061"]
[BlackElo "1994"]
[PlyCount "78"]
[EventDate "2016.10.23"]
[EventType "team-tourn"]
[EventRounds "9"]
[EventCountry "GER"]
[SourceTitle "EXT 2022"]
[Source "ChessBase"]
[SourceDate "2021.10.06"]
[SourceVersion "1"]
[SourceVersionDate "2021.10.06"]
[SourceQuality "1"]
[WhiteTeam "Bechhofen"]
[BlackTeam "Postbauer Heng"]
[WhiteTeamCountry "GER"]
[BlackTeamCountry "GER"]

1. e4 e6 2. d4 d5 3. Nc3 Bb4 4. e5 Ne7 5. Qg4 c5 6. a3 Qa5 7. Bd2 cxd4 8. Qxd4 Nbc6 9. Bb5 Bd7 10. Bxc6 Nxc6 11. Qg4 d4 12. Qxg7 0-0-0 13. Ne4 Bxd2+ 14. Nxd2 Rhg8 15. Qxh7 Rxg2 16. 0-0-0 Nxe5 17. Nb3 Qc7 18. Nxd4 Rxf2 19. Nh3 Rg2 20. Qe4 Rg4 21. Qe2 Rh8 22. Nf2 Rg2 23. Qf1 Rhxh2 24. Rxh2 Rxh2 25. Ne4 f5 26. Nc3 Ng4 27. Ndb5 Qc5 28. Nd6+ Kc7 29. Nc4 Bc6 30. b4 Qf2 31. Qd3 Bd5 32. Kb2 Nf6 33. Rd2 Qh4 34. Rxh2 Qxh2 35. Qd4 Bxc4 36. Qxc4+ Kd7 37. Qb5+ Kc8 38. Qc4+ Kd7 39. Qb5+ Kc8 1/2-1/2

[Event "Mittelfranken-chTB1 1314"]
[Site "Mittelfranken"]
[Date "2014.03.09"]
[Round "7.5"]
[White "Walther, Reinhard"]
[Black "Grimm, Pascal"]
[Result "1-0"]
[WhiteElo "1936"]
[BlackElo "1976"]
[PlyCount "153"]
[EventDate "2013.10.20"]
[EventType "team-tourn"]
[EventRounds "9"]
[EventCountry "GER"]
[SourceTitle "EXT 2020"]
[Source "ChessBase"]
[SourceDate "2019.10.17"]
[SourceVersion "1"]
[SourceVersionDate "2019.10.17"]
[SourceQuality "1"]
[WhiteTeam "Herzogenaurach"]
[BlackTeam "Postbauer Heng"]
[WhiteTeamCountry "GER"]
[BlackTeamCountry "GER"]

1. d4 e6 2. c4 Nf6 3. Nc3 d5 4. Nf3 c6 5. e3 Be7 6. Be2 0-0 7. 0-0 Nbd7 8. Qc2 a6 9. a4 b6 10. Ne5 Bb7 11. f4 dxc4 12. Bxc4 b5 13. Bd3 Rc8 14. Qb1 b4 15. Ne4 Nxe4 16. Bxe4 Nf6 17. Bf3 Qb6 18. a5 Qb5 19. Qd3 Qxd3 20. Nxd3 Rc7 21. Bd2 c5 22. Rac1 Bxf3 23. gxf3 Rfc8 24. Nxc5 Bxc5 25. Rxc5 Rxc5 26. dxc5 Rxc5 27. Bxb4 Rc4 28. Bc3 Nd5 29. Rd1 h6 30. Rd3 Ra4 31. Bd2 Kf8 32. Kf2 Ke7 33. Rb3 Kd6 34. e4 Nc7 35. Rb6+ Kd7 36. Ke3 Rc4 37. Bc3 g6 38. Kd3 Rc6 39. Bd4 Nb5 40. Rb7+ Ke8 41. b4 h5 42. Ke3 Na3 43. Ke2 Nb5 44. Bf6 Rc4 45. Re7+ Kf8 46. Rb7 Ke8 47. Rb8+ Kd7 48. Ra8 Nc7 49. Rd8+ Kc6 50. Be7 f5 51. Rd6+ Kb5 52. Rb6+ Ka4 53. Ke3 Rc3+ 54. Kf2 Rc4 55. Bd8 Nb5 56. exf5 gxf5 57. Rxa6 Rxf4 58. Rxe6 Nd4 59. Re3 Nc6 60. Be7 Kb5 61. Bc5 Rh4 62. Kg2 Rc4 63. Rb3 Ka6 64. Rd3 Kb7 65. Rd6 Nxa5 66. Rd5 Nc6 67. Rxf5 h4 68. Rf7+ Kc8 69. Bd6 Nxb4 70. Bxb4 Rxb4 71. Kh3 Kd8 72. Rh7 Rb3 73. Kg4 Rb4+ 74. f4 Ke8 75. Rxh4 Kf7 76. Rh6 Kg7 77. Rc6 1-0

[Event "Mittelfranken-chTB1 1112"]
[Site "Germany"]
[Date "2011.11.20"]
[Round "3.7"]
[White "Grimm, Pascal"]
[Black "Puehn, Georg"]
[Result "1/2-1/2"]
[WhiteElo "1830"]
[BlackElo "1864"]
[PlyCount "79"]
[EventDate "2011.09.25"]
[EventType "team-tourn"]
[EventRounds "9"]
[EventCountry "GER"]
[SourceTitle "EXT 2013"]
[Source "ChessBase"]
[SourceDate "2012.11.22"]
[SourceVersion "1"]
[SourceVersionDate "2012.11.22"]
[SourceQuality "1"]
[WhiteTeam "Heng Postbauer"]
[BlackTeam "Nuernberg NT IV"]
[WhiteTeamCountry "GER"]
[BlackTeamCountry "GER"]

1. c4 Nf6 2. g3 g6 3. Bg2 Bg7 4. Nc3 0-0 5. d3 d6 6. e3 c6 7. Nge2 e5 8. 0-0 Be6 9. Rb1 a5 10. a3 Qc7 11. b4 axb4 12. axb4 d5 13. c5 Nbd7 14. Na4 Ra7 15. Nec3 b5 16. cxb6 Nxb6 17. Nxb6 Qxb6 18. b5 cxb5 19. Rxb5 Qc6 20. Qb3 Rd8 21. Ba3 e4 22. d4 Bf8 23. Bxf8 Rxf8 24. Rb1 Qa8 25. Qb4 Nd7 26. Bf1 Kg7 27. Rb7 Rxb7 28. Qxb7 Qa5 29. Qb4 Qxb4 30. Rxb4 Rc8 31. Ne2 g5 32. Rb3 Rc2 33. Rc3 Rb2 34. Kg2 Bg4 35. Ng1 Nf6 36. h3 Be6 37. Rc5 Nd7 38. Rb5 Rc2 39. Rb7 h6 40. Rb5 1/2-1/2

[Event "Mittelfranken-chTB1 0910"]
[Site "Mittelfranken"]
[Date "2009.10.11"]
[Round "1.2"]
[White "Kuhlmann, Christoph"]
[Black "Grimm, Pascal"]
[Result "1/2-1/2"]
[WhiteElo "2101"]
[BlackElo "1910"]
[PlyCount "65"]
[EventDate "2009.10.11"]
[EventType "team-tourn"]
[EventRounds "9"]
[EventCountry "GER"]
[SourceTitle "EXT 2011"]
[Source "ChessBase"]
[SourceDate "2010.11.26"]
[SourceVersion "1"]
[SourceVersionDate "2010.11.26"]
[SourceQuality "1"]
[WhiteTeam "Lauf"]
[BlackTeam "Postbauer Heng"]
[WhiteTeamCountry "GER"]
[BlackTeamCountry "GER"]

1. c4 c5 2. Nc3 g6 3. g3 Bg7 4. Bg2 Nc6 5. a3 e6 6. b4 cxb4 7. axb4 Nxb4 8. Ba3 Bxc3 9. dxc3 Nc6 10. Bd6 Qf6 11. Qd2 Nge7 12. e4 Qg7 13. f4 f5 14. e5 b6 15. c5 Bb7 16. cxb6 axb6 17. Rxa8+ Bxa8 18. Ne2 0-0 19. 0-0 Na5 20. Qd4 Bxg2 21. Kxg2 Re8 22. Bxe7 Qxe7 23. Rd1 Rd8 24. Qxb6 Nc4 25. Qa7 Qe8 26. Ra1 d6 27. Qa6 Nd2 28. exd6 Qd7 29. Nd4 Qxd6 30. Qxd6 Rxd6 31. Ra8+ Kf7 32. Ra7+ Kg8 33. Ra8+ 1/2-1/2

[Event "Mittelfranken-chTB1 0809"]
[Site "Mittelfranken"]
[Date "2008.12.07"]
[Round "3.2"]
[White "Grimm, Pascal"]
[Black "Erlbeck, Peter"]
[Result "1/2-1/2"]
[WhiteElo "1878"]
[BlackElo "2051"]
[PlyCount "120"]
[EventDate "2008.10.12"]
[EventType "team"]
[EventRounds "9"]
[EventCountry "GER"]
[SourceTitle "EXT 2011"]
[Source "ChessBase"]
[SourceDate "2010.11.26"]
[SourceVersion "1"]
[SourceVersionDate "2010.11.26"]
[SourceQuality "1"]
[WhiteTeam "Postbauer II"]
[BlackTeam "Nuernberg Sued SW II"]
[WhiteTeamCountry "GER"]
[BlackTeamCountry "GER"]

1. c4 e5 2. Nc3 Nc6 3. g3 f5 4. Bg2 Nf6 5. e3 d6 6. Nge2 Be7 7. 0-0 0-0 8. d3 Qe8 9. Nd5 Bd8 10. Nec3 Ne7 11. Qb3 c6 12. Nxe7+ Bxe7 13. d4 Kh8 14. Bd2 Qh5 15. f4 e4 16. Qd1 Qxd1 17. Rfxd1 Be6 18. Bf1 Rg8 19. Be2 h6 20. h3 g5 21. Kh2 Rg7 22. Rg1 Rag8 23. b4 gxf4 24. gxf4 Bf7 25. Rxg7 Rxg7 26. Rg1 Nh5 27. Be1 Kh7 28. Rxg7+ Nxg7 29. Kg2 Ne6 30. a3 Nf8 31. c5 dxc5 32. bxc5 Ng6 33. a4 Bd8 34. Nd1 Bb3 35. Nb2 Kg7 36. a5 Bd5 37. a6 bxa6 38. Bxa6 Nh4+ 39. Bxh4 Bxh4 40. Nc4 Bxc4 41. Bxc4 a5 42. Be6 Kf6 43. Bd7 a4 44. Bxc6 a3 45. Bd5 Be1 46. Kf1 Ba5 47. Bb3 Ke7 48. Ke2 Bb4 49. Bc4 Kd7 50. Kd1 Ke7 51. Kc2 Kd7 52. Bd5 Ke7 53. Bg8 Kd7 54. Bh7 Ke6 55. c6 Kd6 56. Bxf5 Bd2 57. Bxe4 Bxe3 58. Kb3 Bxf4 59. Kxa3 Be3 60. d5 Bc5+ 1/2-1/2

[Event "Nuremberg LGA Cup 5th"]
[Site "Nuremberg"]
[Date "2008.09.04"]
[Round "1"]
[White "Kahlert, Thomas"]
[Black "Grimm, Pascal"]
[Result "1-0"]
[WhiteElo "2262"]
[BlackElo "1862"]
[PlyCount "45"]
[EventDate "2008.09.04"]
[EventType "swiss"]
[EventRounds "7"]
[EventCountry "GER"]
[SourceTitle "CBM 126 Extra"]
[Source "ChessBase"]
[SourceDate "2008.11.05"]
[SourceVersion "1"]
[SourceVersionDate "2008.11.05"]
[SourceQuality "1"]

1. c4 g6 2. e4 Bg7 3. d4 Nc6 4. d5 Nd4 5. Be3 c5 6. Nc3 d6 7. Nge2 Nxe2 8. Bxe2 Nf6 9. 0-0 0-0 10. f3 Qa5 11. Qc2 a6 12. Bd2 Rb8 13. a3 Bd7 14. Rfb1 Qc7 15. Kh1 b5 16. cxb5 axb5 17. b4 Rfc8 18. Rc1 Qb6 19. Be3 Qb7 20. Qd2 Ra8 21. Rab1 Rxa3 22. bxc5 b4 23. c6 1-0